Thérapie familiale : traitement de systèmes vivants (Record no. 17605)
[ view plain ]
| 000 -LEADER | |
|---|---|
| fixed length control field | 00313 a2200133 4500 |
| 035 ## - SYSTEM CONTROL NUMBER | |
| System control number | 2764 |
| 100 ## - VEDETTE PRINCIPALE - NOM DE PERSONNE | |
| Personal name | Walrond-Skinner, S. |
| 245 ## - TITLE STATEMENT | |
| Title | Thérapie familiale : traitement de systèmes vivants |
| 260 ## - PUBLICATION, DISTRIBUTION, ETC. (IMPRINT) | |
| Date of publication, distribution, etc | 1980 |
| 300 ## - PHYSICAL DESCRIPTION | |
| Extent | 167 p. |
| Withdrawn status | Lost status | Damaged status | Not for loan | Location (home branch) | Sublocation or collection (holding branch) | Date acquired | Koha issues (times borrowed) | Koha full call number | Koha date last seen | Price effective from | Koha item type |
|---|---|---|---|---|---|---|---|---|---|---|---|
| Bibliothèque Faculté des Sciences de la Santé | Bibliothèque Faculté des Sciences de la Santé | 27/02/2009 | WB 900 WAL | 27/02/2009 | 27/02/2009 | Livre |